000 00419cam a2200157ua 4500
041 _aeng
_h
082 _a631.4
_bBUC/NA
100 _aBuckman, Harry O .
245 _aNature and properties of soils /
_cHarry O Buckman.
_hTextual Documents
260 _aNew York :
_bMacMillan and Company Limited ,
_c1962.
300 _a567 ; .
504 _a
700 1 _aBrady, Nyle C .
942 _cBK
999 _c10748
_d10748